Normal view
MARC view
Entry Personal Name
001 - CONTROL NUMBER
- control field: 60616
003 - CONTROL NUMBER IDENTIFIER
- control field: dpl
005 - DATE AND TIME OF LATEST TRANSACTION
- control field: 20240103153804.0
008 - FIXED-LENGTH DATA ELEMENTS
- fixed length control field: 240103|| aca||aabn | a|a d
040 ## - CATALOGING SOURCE
- Original cataloging agency: dpl
- Transcribing agency: dpl
100 ## - HEADING--PERSONAL NAME
- Personal name: Sreenivasan, G
670 ## - SOURCE DATA FOUND
- Source citation: Work cat.: (dpl)196684: Sreenivasan, G., Power Theft:, 2011
